LEADER 01014nam a22002651i 4500 001 991002195689707536 005 20040216102545.0 008 040407s1963 it a||||||||||||||||ita 035 $ab12885459-39ule_inst 035 $aARCHE-086507$9ExL 040 $aDip.to Scienze Storiche$bita$cA.t.i. Arché s.c.r.l. Pandora Sicilia s.r.l. 082 04$a747 100 1 $aBrosio, Valentino$0212404 245 10$aAmbienti italiani dell'Ottocento /$cValentino Brosio 260 $aMilano :$bA. Vallardi,$c[1963] 300 $a126 p., [8] c. di tav. :$bill. ;$c28 cm 440 3$aLe arti nella casa italiana 650 4$aAmbienti italiani$ySec. 19. 650 4$aArredamneto$zItalia$ySec. 19. 907 $a.b12885459$b02-04-14$c16-04-04 912 $a991002195689707536 945 $aLE009 LA Coll. 11/1$g1$i2009000371675$lle009$o-$pE0.00$q-$rn$so $t0$u0$v0$w0$x0$y.i1344850x$z16-04-04 996 $aAmbienti italiani dell'Ottocento$9301166 997 $aUNISALENTO 998 $ale009$b16-04-04$cm$da $e-$fita$git $h0$i1